000 00230nam a2200097Ia 4500
008 240331s9999 xx 000 0 und d
082 _bSHA
100 _aShanmugathasan,N
245 0 _aOru Communistin Arasiyal Ninaivugal
942 _cL
999 _c5822
_d5822